000 01034nam a2200205Ia 4500
003 Ost
005 20260507075520.0
008 260507s9999||||xx |||||||||||||| ||und||
040 _cfsecg
041 _aara
082 _a309.212
100 _aالدعمة، ابراهيم مراد
_eمؤلف
245 0 _aالتنمية البشرية :
_bالانسانية بين النظرية والواقع /
_c ابراهيم مراد الدعمة
260 _aعمان:
_bدار المناهج,
_c2009
300 _a254 صفحة؛
_bإيضاحات ؛
_c24 سم
504 _aببليوغرافيا:ص ص.247-254
520 _aالتنمية البشرية،أثر السياسات الاقتصادية على التنمية البشرية،متضمنات التنمية البشرية،التنمية البشرية في المناطق المختلفة من العالم،التنمية البشرية في الدول العربية مقارنة بدول ال OECD
653 _aالتنمية الاجتماعية
942 _cكتاب
999 _c44769
_d44769